[Event "Faxe EMT"]
[Site "Faxe"]
[Date "2012.03.28"]
[Round "1"]
[White "Ostrem, Eyolf"]
[Black "Frederiksen, Uffe"]
[Result "0-1"]
[WhiteElo "1414"]
[BlackElo "1712"]
[PlyCount "92"]
[EventDate "2012.03.28"]
[EventType "swiss"]
[EventRounds "7"]
[EventCountry "DEN"]
[SourceTitle "EXT 2023"]
[Source "ChessBase"]
[SourceDate "2022.10.05"]
[SourceVersion "1"]
[SourceVersionDate "2022.10.05"]
[SourceQuality "1"]

1. d4 e6 2. Bf4 a6 3. e3 g6 4. Nf3 Bg7 5. c3 Nf6 6. Nbd2 0-0 7. Bd3 d5 8. Qc2 Nbd7 9. h4 c5 10. Bd6 c4 11. Bxg6 fxg6 12. Bxf8 Nxf8 13. 0-0-0 Bd7 14. Ne5 Rc8 15. Rdg1 b5 16. a3 b4 17. axb4 a5 18. Nxd7 Qxd7 19. bxa5 Ra8 20. b4 cxb3 21. Nxb3 Rb8 22. Nc5 Qb5 23. a6 N8d7 24. Nxd7 Nxd7 25. a7 Ra8 26. Kd2 Rxa7 27. g4 Nb6 28. Rb1 Nc4+ 29. Kc1 Qe8 30. Qb3 Bf8 31. Re1 Qf7 32. f4 Ra3 33. Qc2 Qa7 34. Re2 Qa5 35. Rb3 Ra1+ 36. Rb1 Rxb1+ 37. Qxb1 Qxc3+ 38. Kd1 Nxe3+ 39. Rxe3 Qxe3 40. Qb6 Qf3+ 41. Kc2 Qxg4 42. Kd3 Qf5+ 43. Ke2 h6 44. Kf3 Bg7 45. Kg3 Qe4 46. Kg4 Qg2# 0-1

[Event "Faxe EMT"]
[Site "Faxe"]
[Date "2011.04.06"]
[Round "2"]
[White "Olsen, Michael1111"]
[Black "Ostrem, Eyolf"]
[Result "0-1"]
[WhiteElo "1197"]
[BlackElo "1400"]
[PlyCount "114"]
[EventDate "2011.04.11"]
[EventType "swiss"]
[EventRounds "7"]
[EventCountry "DEN"]
[SourceTitle "EXT 2023"]
[Source "ChessBase"]
[SourceDate "2022.10.05"]
[SourceVersion "1"]
[SourceVersionDate "2022.10.05"]
[SourceQuality "1"]

1. d4 Nf6 2. c4 g6 3. Nc3 Bg7 4. Bg5 0-0 5. e4 h6 6. Bf4 g5 7. Be3 d6 8. Bd3 e5 9. d5 Ng4 10. Bc1 Na6 11. Nge2 f5 12. f3 fxe4 13. Bxe4 Nf6 14. 0-0 Nc5 15. Ng3 Qe8 16. Qc2 Nfxe4 17. Ncxe4 Qg6 18. Qe2 Nxe4 19. Nxe4 Bf5 20. Bd2 g4 21. Kh1 gxf3 22. gxf3 Kh7 23. Rg1 Qf7 24. Raf1 Rg8 25. Rg3 Bf6 26. Rfg1 Bh4 27. Qe3 Qh5 28. R1g2 Rxg3 29. Rxg3 Rf8 30. Rg1 Bxe4 31. Qxe4+ Kh8 32. Rg4 Bg5 33. Bxg5 hxg5 34. Qe3 Rf4 35. Rg3 b6 36. Kg2 Qg6 37. Rg4 Rxg4+ 38. fxg4 Kg7 39. Kg3 e4 40. Qd4+ Kh6 41. Qe3 Qe8 42. h4 Qe5+ 43. Kh3 Qf4 44. hxg5+ Kxg5 45. Qxf4+ Kxf4 46. g5 e3 47. Kg2 Kxg5 48. Kf3 Kf5 49. Kxe3 Ke5 50. Kd3 b5 51. b3 b4 52. Kc2 Kd4 53. Kb2 a5 54. a3 Kd3 55. a4 Kd2 56. Kb1 Kc3 57. Ka2 Kc2 0-1